000
00337 a2200121 4500
001
ART_11406
005
20260410161857.0
008
260409a
245
1
0
_a
Reseña de la Era GATT
100
1
_a
Gastaldi, Santiago
700
1
_a
Ferro, Gustavo
773
0
_t
Revista de Economía
_g
- Nº 76 (ene./mar.1995)
_w
REV11077
999
_c
25543
_d
25543